Noah Centineo Filmography - Statistics

General Stats
  • This quiz has been taken 14 times
    2 since last reset
  • The average score is 20 of 47
Answer Stats
Type Year Name % Correct
Film 2019 Charlie's Angels
100%
Film 2023 Dream Scenario
100%
TV Film 2014 How to Build a Better Boy
100%
Film 2018 Sierra Burgess Is a Loser
100%
Film 2017 SPF-18
100%
Film 2018 Swiped
100%
Film 2019 The Perfect Date
100%
Film 2021 To All the Boys: Always and Forever
100%
Film 2018 To All the Boys I've Loved Before
100%
Film 2020 To All the Boys: P.S. I Still Love You
100%
Film 2011 Turkles
100%
Film 2014 Abraham & Sarah, the Film Musical
50%
Film 2014 Another Assembly
50%
Music Video 2019 Are You Bored Yet?
50%
TV Show 2011, 2012 Austin & Ally
50%
Film 2022 Black Adam
50%
Film 2017 Can't Take It Back
50%
TV Pilot 2014 Growing Up and Down
50%
Music Video 2017 Havana
50%
Film 2025 Our Hero, Balthazar
50%
Short Film 2016 Penguin Flu
50%
Music Video 2019 Save Me Tonight
50%
Film TBA Street Fighter
50%
Web Series 2017-2018 T@gged
50%
TV Show 2015-2018 The Fosters
50%
Film 2009 The Gold Retrievers
50%
Web Series 2022-Present The Recruit
50%
Film 2025 Warfare
50%
TV Show 2019 Good Trouble
0%
TV Show 2013 Ironside
0%
TV Show 2014 Jessie
0%
Film TBA Listen
0%
TV Show 2013 Marvin Marvin
0%
Short Film TBA Meta
0%
Commercial 2012 Monopoly: Electronic Banking
0%
TV Show 2014 Newsreaders
0%
Commercial 2013 Old Navy
0%
TV Show 2014 See Dad Run
0%
TV Show 2013 Shake It Up
0%
Commercial 2021 Taco Bell
0%
Web Series 2013 #TheAssignment
0%
Film TBA The Greatest Disaster in Cinema History
0%
Podcast 2021 Tomorrow's Monsters
0%
Film TBA Union County
0%
Short Film 2012 Wordplay
0%
TV Show 2025 WWE Raw
0%
Web Series 2025 XO, Kitty
0%
No matching quizzes found
Score Distribution
Percent of People with Each Score
Percentile by Number Answered
Your Score History
You have not taken this quiz since the last reset